01542cam a2200349 a 4500001001400000003000800014005001700022006001900039007001500058008004100073020003800114040003000152049002600182050002200208082001200230100002800242245008600270260005300356300003100409520033500440521001700775588004700792504005100839650003700890650004000927655002900967710001600996776003501012856011001047942001601157999001901173EDZ0000104879StDuBDS20161031105130.0m||||||||d||||||||cr |||||||||||121017s2008 cau fo| 001|0|eng|d a9781452274782 (ebook) :cNo price aStDuBDSbengcStDuBDSepn aAlfaisal Main Library 0aJZ1320b.G67 200804a3372231 aGopinath, C.q(Chinnam)10aGlobalizationh[electronic resource] :ba multidimensional system /cC. Gopinath. aLos Angeles, [Calif.] ;aLondon :bSAGE,cc2008. a1 online resource (255 p.)8 aThe term 'globalization' has become a buzzword and has taken on a variety of meanings. It is often used as a surrogate to represent the increasing complexity of the environment or the growing relevance of international events. This text suggests that comprehending and dealing with globalization requires a multidisciplinary view. aSpecialized. aDescription based on print version record. aIncludes bibliographical references and index. 0aGlobalizationxEconomic aspects. 0aInternational business enterprises. 7aElectronic books.2local2 aSage eBooks08iPrint version :z978141294019140uhttp://ezproxy.alfaisal.edu/login?url=http://sk.sagepub.com/books/globalization-a-multidimensional-system 2lcccEBOOKS c479980d479980